| 000 | 00000nam##2200000za#4500 |
| 001 | 9.577649 |
| 003 | CaOODSP |
| 005 | 20210624185719 |
| 007 | cr ||||||||||| |
| 008 | 150406|1981||||xxc|||||o f|0| 0 eng|d |
| 022 | |a1488-5379 |
| 040 | |aCaOODSP|beng |
| 043 | |an-cn--- |
| 086 | 1 |aFs97-6/1023E-PDF |
| 110 | 1 |aCanada. |bDepartment of Fisheries and Oceans. |
| 245 | 10|aSampling, analysis, and data evaluation of precipitation at St. Andrews, New Brunswick, Canada, 1978-80 / |h[electronic resource]|cby D.B. Sergeant, V. Zitko, and L.E. Burridge. |
| 260 | |aSt. Andrews - New Brunswick : |bFisheries and Oceans Canada |c1981. |
| 300 | |a29p.|bfigs., references, tables |
| 490 | 1 |aCanadian technical report of fisheries and aquatic sciences|x1488-5379|vNo. 1023 |
| 500 | |aOn t.p.: Biological Station, St. Andrews, New Brunswick. The catalogue number and ISSN for the print edition appear in the PDF version. |
| 546 | |a(Résumé en français) |
| 590 | |a13-24-Supp|b2013-10-18 |
| 720 | 1 |aZitko, V. |
| 720 | 1 |aBurridge, L. E. |
| 720 | 1 |aSergeant, D. B. |
| 830 | #0|aCanadian technical report of fisheries and aquatic sciences,|x1488-5379|vNo. 1023|w(CaOODSP)9.504449 |
| 856 | 40|ahttp://publications.gc.ca|qPDF|s2813 KB|uhttps://publications.gc.ca/collections/collection_2013/mpo-dfo/Fs97-6-1023-eng.pdf|yNo. 1023 |